| 000 -CABECERA |
| Longitud fija campo de control |
01227cas a2200361 i 4500 |
| 001 - NÚMERO DE CONTROL |
| Número de control |
991061118959306706 |
| 003 - IDENTIFICADOR DEL NÚMERO DE CONTROL |
| Identificador del número de control |
OSt |
| 005 - FECHA Y HORA DE LA ÚLTIMA TRANSACCIÓN |
| Fecha y hora de la última transacción |
20250108135457.0 |
| 008 - CÓDIGOS DE INFORMACIÓN DE LONGITUD FIJA |
| Códigos de información de longitud fija |
240411c2024 sp fr|p| ||||0|| b|cat|c |
| 015 ## - NÚMERO DE BIBLIOGRAFÍA NACIONAL |
| Número de bibliografía nacional |
SE2024 |
| Fuente |
bnc |
| 017 ## - NÚMERO DE COPYRIGHT O DE DEPÓSITO LEGAL |
| Número de copyright o de depósito legal |
DL L 60-2024 |
| Agencia que asigna el número |
Biblioteca de Catalunya |
| 022 ## - NÚMERO INTERNACIONAL NORMALIZADO PARA PUBLICACIONES SERIADAS |
| Número Internacional Normalizado para Publicaciones Seriadas |
2938-5954 |
| 040 ## - FUENTE DE LA CATALOGACIÓN |
| Centro catalogador de origen |
ES-LlUDL |
| Lengua de catalogación |
cat |
| Normas de descripción |
rda |
| Centro transcriptor |
CDMR |
| 043 ## - CÓDIGO DE ÁREA GEOGRÁFICA |
| Código de área geográfica |
e-sp--- |
| Código local GAC |
e-spcl- |
| Fuente del código local |
catmarc |
| 044 ## - CÓDIGO DEL PAÍS DE LA ENTIDAD EDITORA/PRODUCTORA |
| Código ISO del país |
esp |
| 080 ## - NÚMERO DE LA CLASIFICACIÓN DECIMAL UNIVERSAL |
| Número de la Clasificación Decimal Universal |
008 |
| Subdivisión auxiliar común |
(460.23) |
| -- |
(05) |
| Identificador de la edición |
2004 |
| 080 ## - NÚMERO DE LA CLASIFICACIÓN DECIMAL UNIVERSAL |
| Número de la Clasificación Decimal Universal |
94 |
| Subdivisión auxiliar común |
(460.231) |
| -- |
(05) |
| Identificador de la edición |
2004 |
| 245 10 - MENCIÓN DE TÍTULO |
| Título |
Horitzons |
| 264 30 - PRODUCCIÓN, PUBLICACIÓN , DISTRIBUCIÓN, FABRICACIÓN Y COPYRIGHT |
| Lugar de producción, publicación, distribución, fabricación |
Lleida : |
| Nombre del productor, editor, distribuidor, fabricante |
Patronat Fundació Privada Horitzons 2050, |
| Fecha de de producción, publicación, distribución, fabricación o copyright |
2024- |
| 300 ## - DESCRIPCIÓN FÍSICA |
| Extensión |
volums: |
| Otras características físicas |
fotografies en color ; |
| Dimensiones |
26 cm |
| 310 ## - PERIODICIDAD ACTUAL |
| Periodicidad actual |
Semestral |
| 362 0# - FECHAS DE PUBLICACIÓN Y/O DESIGNACIÓN SECUENCIAL |
| Fecha de publicación y/o designación secuencial |
Primavera/estiu 2024- |
| 515 ## - NOTAS DE PECULIARIDADES DE LA NUMERACIÓN |
| Nota de peculiaridades de la numeración |
Sense designació numèrica |
| 588 0# - NOTA DE FUENTE DE LA DESCRIPCIÓN |
| Nota de fuente de la descripció,n |
Descripció basada en: Primavera/estiu 2024; títol obtingut de la coberta |
| 588 1# - NOTA DE FUENTE DE LA DESCRIPCIÓN |
| Nota de fuente de la descripció,n |
Darrer número consultat: Primavera/estiu 2024 |
| 650 #7 - PUNTO DE ACCESO ADICIONAL DE MATERIA - TÉRMINO DE MATERIA |
| Término de materia o nombre geográfico como elemento inicial |
Cultura catalana |
| Subdivisión de forma |
Revistes. |
| Fuente del encabezamiento o término |
lemac |
| 651 #7 - PUNTO DE ACCESO ADICIONAL DE MATERIA - NOMBRE GEOGRÁFICO |
| Nombre geográfico |
Lleida (Catalunya : Província) |
| Subdivisión de materia general |
Història local |
| Subdivisión de forma |
Revistes. |
| Fuente del encabezamiento o término |
lemac |
| 710 2# - PUNTO DE ACCESO ADICIONAL - NOMBRE DE ENTIDAD |
| Nombre de entidad o nombre de jurisdicción como elemento inicial |
Patronat Fundació Privada Horitzons 2050, |
| 752 ## - PUNTO DE ACCESO ADICIONAL - NOMRE JER´RQUICO DE LUGAR |
| País o entidad superior |
Catalunya |
| Jurisdicción política de primer nivel |
Lleida (Província) |
| Jurisdicción política intermedia |
Segrià |
| Ciudad |
Lleida |
| 908 ## - CONTROL DE PARÁMETROS (RLIN) |
| Parametro de comando lanzado |
UdL |
| -- |
BC |
| -- |
ANC |
| 940 ## - |
| T&íacute;tulo uniforme |
<a href="UdL">UdL</a> |
| 942 ## - ENTRADA DE ELEMENTOS AGREGADOS (KOHA) |
| Fuente de clasificaión o esquema |
|
| Koha [por defecto] tipo de item |
Publicacions periòdiques |